[Event "SR 4. liga A21 2010/2011"]
[Site "?"]
[Date "2011.03.20"]
[Round "11.6"]
[White "Dedacek, Miroslav"]
[Black "Dubecky, Ladislav"]
[Result "0-1"]
[WhiteElo "1595"]
[BlackElo "1551"]
[PlyCount "62"]
[EventDate "2010.??.??"]

1. e4 e5 2. Nf3 Nc6 3. Nc3 Bc5 4. Bc4 Nf6 5. Ng5 O-O 6. d3 d6 7. h3 h6 8. Nf3
Bd7 9. O-O Qc8 10. Kh2 a6 11. Nd5 Nxd5 12. Bxd5 Ne7 13. Bb3 Kh8 14. d4 exd4 15.
Nxd4 Nc6 16. c3 Ne5 17. f4 Nc6 18. Bc2 Ne7 19. Qh5 f5 20. Nxf5 Nxf5 21. exf5
Bxf5 22. Bxf5 Rxf5 23. Qe2 Qd7 24. Qd3 Raf8 25. Be3 Bxe3 26. Qxe3 Qf7 27. g3
Re8 28. Qd3 Rf6 29. Rae1 Ree6 30. Qc4 Rxe1 31. Qxf7 Re2+ 0-1

[Event "SR 4. liga A21 2010/2011"]
[Site "?"]
[Date "2011.03.20"]
[Round "11.6"]
[White "Kicinja, Jan"]
[Black "Kovarik, Oto"]
[Result "0-1"]
[WhiteElo "1808"]
[BlackElo "2025"]
[PlyCount "134"]
[EventDate "2010.??.??"]

1. d4 d5 2. c4 e6 3. cxd5 exd5 4. Nc3 Nf6 5. Bg5 Be7 6. Nf3 O-O 7. e3 c6 8. Be2
h6 9. Bh4 Nbd7 10. O-O Re8 11. h3 Ne4 12. Bxe7 Qxe7 13. Qc2 f5 14. Rfe1 b6 15.
Nd2 Ndf6 16. Ncxe4 fxe4 17. Qxc6 Bd7 18. Qc2 Rac8 19. Qd1 Qb4 20. Nb3 Ba4 21.
Rc1 Rxc1 22. Qxc1 Bxb3 23. axb3 Qxb3 24. Bf1 Kh7 25. Re2 a5 26. Rc2 a4 27. Be2
Ra8 28. Rc3 Qb4 29. f3 Qf8 30. fxe4 Nxe4 31. Bd3 Qf2+ 32. Kh2 Qg3+ 33. Kg1 Re8
34. Qf1 Qxe3+ 35. Kh1 Kg8 36. Bxe4 Qxe4 37. Qb5 Re6 38. Qxa4 Rg6 39. Rc8+ Kh7
40. Qc2 Qxd4 41. Re8 Qf6 42. Kg1 Qc6 43. Qe2 d4 44. Re4 Qc1+ 45. Kh2 d3 46.
Qxd3 Qxb2 47. Re2 Qf6 48. Kh1 Qd6 49. Qc2 Qc6 50. Qd2 Qd6 51. Qc2 Qd5 52. Kh2
b5 53. Re3 Qd6+ 54. Kh1 Qd7 55. Rg3 Qe6 56. Rb3 Qe1+ 57. Kh2 Qe5+ 58. Kh1 h5
59. Rf3 Qe1+ 60. Kh2 Qe5+ 61. Kh1 Kh6 62. Rf5 Qe1+ 63. Kh2 Qg3+ 64. Kh1 Rf6 65.
Rxf6+ gxf6 66. Qc5 Qe1+ 67. Kh2 Qe5+ 0-1

[Event "SR 4. liga A21 2010/2011"]
[Site "?"]
[Date "2011.03.20"]
[Round "11.6"]
[White "Mraz, Viliam"]
[Black "Pisecky, Jan"]
[Result "0-1"]
[WhiteElo "1000"]
[BlackElo "1529"]
[PlyCount "84"]
[EventDate "2010.??.??"]

1. e4 Nc6 2. d4 d6 3. Bb5 Bd7 4. Bxc6 Bxc6 5. d5 Bb5 6. Ne2 g6 7. Nbc3 Bd7 8.
Qd4 f6 9. Bg5 c5 10. dxc6 Bxc6 11. Be3 b6 12. Nd5 e6 13. Nb4 Qd7 14. Qc4 Bb5
15. Qd4 e5 16. Qd5 Rc8 17. Nc3 Bc4 18. Qd2 Ne7 19. Ncd5 Nxd5 20. Nxd5 Bxd5 21.
exd5 f5 22. g3 Bg7 23. c3 O-O 24. h4 f4 25. gxf4 exf4 26. Bxf4 Rce8+ 27. Be3
Bh6 28. h5 Bxe3 29. fxe3 Rf3 30. hxg6 Rfxe3+ 31. Kd1 Qg4+ 32. Kc1 Qxg6 33. Rd1
Re2 34. Qd3 Qg2 35. Rd2 Rxd2 36. Qxd2 Re2 37. Qd1 Qg5+ 38. Kb1 Qe3 39. a3 Re1
40. Ka2 Rxd1 41. Rxd1 h5 42. Rd4 Qxd4 0-1

[Event "SR 4. liga A21 2011/2012"]
[Site "?"]
[Date "2011.10.09"]
[Round "1.1"]
[White "Brath, Zdeno"]
[Black "Piestansky, Dusan"]
[Result "1-0"]
[WhiteElo "1450"]
[BlackElo "1444"]
[PlyCount "85"]
[EventDate "2011.??.??"]

1. e4 e5 2. Nf3 Nc6 3. d4 exd4 4. Nxd4 Nxd4 5. Qxd4 d6 6. Bc4 c5 7. Qc3 Qe7 8.
O-O Nf6 9. Bd5 Be6 10. Re1 g6 11. Bf4 Bg7 12. Qd3 O-O 13. Bxe6 Qxe6 14. Nc3
Rad8 15. Rad1 Nh5 16. Bxd6 Bd4 17. Nb5 Bxb2 18. Qb3 Qxb3 19. axb3 Rfe8 20. Nc7
Bc3 21. Re2 Nf4 22. Re3 Bd4 23. Nxe8 Rxe8 24. Bxf4 Bxe3 25. Bxe3 Rxe4 26. Bxc5
a6 27. f3 Re8 28. Bb6 Kg7 29. Kf2 Re6 30. Bd4+ f6 31. b4 Rc6 32. c3 g5 33. g4
b5 34. Re1 Kg6 35. Re7 h6 36. Ra7 h5 37. h3 h4 38. Ke3 Re6+ 39. Kd3 Kh6 40. Bc5
Kg6 41. Kd4 f5 42. Kd5 Kf6 43. Bd4+ 1-0

[Event "SR 4. liga A21 2011/2012"]
[Site "?"]
[Date "2011.10.09"]
[Round "1.1"]
[White "Kupkovic, Miroslav"]
[Black "Pericka, Pavol"]
[Result "1-0"]
[WhiteElo "1836"]
[BlackElo "1743"]
[PlyCount "108"]
[EventDate "2011.??.??"]

1. d4 d5 2. c4 e6 3. g3 Nf6 4. Bg2 c6 5. Nf3 dxc4 6. Ne5 Bb4+ 7. Kf1 Bc5 8. e3
Nd5 9. Qg4 Bf8 10. Nxc4 Nd7 11. b3 N7f6 12. Qf3 Be7 13. Bb2 Rb8 14. h4 b6 15.
e4 Nb4 16. Nba3 Bb7 17. Qe2 b5 18. Ne3 Qc7 19. Nac2 Rd8 20. Nxb4 Bxb4 21. Rc1
Qa5 22. Ba1 c5 23. d5 Bd2 24. Rxc5 Qxa2 25. Qxb5+ Rd7 26. Qa4 Qxa4 27. bxa4 Ke7
28. dxe6 Kxe6 29. Bh3+ Kd6 30. Rc2 Bxe3 31. fxe3 Bxe4 32. Rd2+ Kc6 33. Bxd7+
Nxd7 34. Rhh2 f6 35. Rd4 Re8 36. Rc4+ Kd5 37. Rd4+ Kc6 38. Rc4+ Kd5 39. Rc7 Ne5
40. Rd2+ Ke6 41. Bxe5 Kxe5 42. Rxa7 g5 43. hxg5 fxg5 44. Ra5+ Kf6 45. Rb2 Re6
46. Rc5 Ra6 47. Ra2 h6 48. a5 Rd6 49. a6 Bd3+ 50. Kf2 Bxa6 51. e4 Ke6 52. Rc7
Ke5 53. Ra5+ Kd4 54. e5 Rd5 1-0

[Event "SR 4. liga A21 2011/2012"]
[Site "?"]
[Date "2011.10.09"]
[Round "1.1"]
[White "Piestansky, Jan"]
[Black "Sadlon, Matus"]
[Result "1/2-1/2"]
[WhiteElo "1593"]
[BlackElo "1608"]
[PlyCount "100"]
[EventDate "2011.??.??"]

1. e4 e6 2. d4 d5 3. exd5 exd5 4. h3 Nf6 5. c3 Be7 6. Nf3 O-O 7. Bd3 Nc6 8. Bf4
Re8 9. O-O Nh5 10. Bh2 Bd6 11. Nbd2 Nf6 12. Re1 Bxh2+ 13. Nxh2 Rxe1+ 14. Qxe1
Qe7 15. Qxe7 Nxe7 16. Re1 Kf8 17. Ndf3 h6 18. Ne5 Bf5 19. Bxf5 Nxf5 20. Nhg4
Ne4 21. Ne3 Nxe3 22. Rxe3 Nf6 23. f3 Re8 24. Kf2 Re6 25. Nd3 Ra6 26. a3 Rb6 27.
g4 Nd7 28. Re2 Rb5 29. a4 Ra5 30. b3 c5 31. dxc5 Nxc5 32. Nxc5 Rxc5 33. Re3 Rc6
34. b4 a5 35. Rd3 axb4 36. cxb4 Rc4 37. Rxd5 Rxb4 38. Rb5 Rxa4 39. Rxb7 Ra8 40.
h4 Re8 41. h5 Re7 42. Rb8+ Re8 43. Rxe8+ Kxe8 44. Ke3 Ke7 45. Ke4 Ke6 46. f4 g6
47. f5+ Kf6 48. fxg6 fxg6 49. hxg6 Kxg6 50. Kf4 Kf6 1/2-1/2

[Event "SR 4. liga A21 2011/2012"]
[Site "?"]
[Date "2011.10.09"]
[Round "1.1"]
[White "Sadlon, Juraj"]
[Black "Vagovic, Milan"]
[Result "1/2-1/2"]
[WhiteElo "1860"]
[BlackElo "1697"]
[PlyCount "141"]
[EventDate "2011.??.??"]

1. e4 e5 2. Nf3 Nc6 3. Bb5 a6 4. Ba4 b5 5. Bb3 Nf6 6. O-O Bc5 7. d3 h6 8. c3 d6
9. h3 Bb7 10. Be3 Ba7 11. Bxa7 Nxa7 12. Nbd2 O-O 13. Re1 c5 14. Nf1 Nc8 15. Ng3
Ne7 16. Nh4 Bc8 17. Nh5 Kh7 18. Nxf6+ gxf6 19. Qh5 Qe8 20. Nf5 Bxf5 21. exf5 d5
22. c4 bxc4 23. dxc4 d4 24. Re4 Rg8 25. Rh4 Qf8 26. Bc2 Rg5 27. Qe2 Qg7 28. f4
exf4 29. Rxf4 Rg8 30. g4 Nc6 31. Kh2 Ne5 32. Rg1 h5 33. Bd1 h4 34. Bc2 Re8 35.
Re4 Qh6 36. Ba4 Rb8 37. Rg2 Rb4 38. b3 Rb8 39. Rxe5 fxe5 40. Qxe5 Qf8 41. Qf6
Qg7 42. Qd6 Qf8 43. Qxa6 Qe7 44. Qc6 Rd8 45. Qf3 Qe5+ 46. Kh1 Qe1+ 47. Rg1 Qe3
48. Bc6 Qxf3+ 49. Bxf3 Re8 50. Kg2 f6 51. Bd5 Re2+ 52. Kf3 Rxa2 53. Rg2 Ra3 54.
Rb2 Rg7 55. Bc6 Re7 56. Be4 Re8 57. Kf4 Kh6 58. b4 cxb4 59. Rxb4 Rxh3 60. Rb6
Kg7 61. Rb7+ Kf8 62. Bd5 Re7 63. Rb8+ Kg7 64. Rg8+ Kh7 65. Rg6 d3 66. Rxf6 d2
67. Rd6 Rh2 68. Be6 Re2 69. g5 h3 70. g6+ Kg7 71. f6+ 1/2-1/2

[Event "SR 4. liga A21 2011/2012"]
[Site "?"]
[Date "2011.10.09"]
[Round "1.2"]
[White "Bajcar, Pavol"]
[Black "Cerovsky, Marian"]
[Result "1/2-1/2"]
[WhiteElo "1627"]
[BlackElo "1733"]
[PlyCount "132"]
[EventDate "2011.??.??"]

1. d4 d5 2. Nf3 Nf6 3. Bg5 Ne4 4. Bh4 c6 5. Nbd2 Qa5 6. c3 Nxd2 7. Qxd2 Nd7 8.
e3 h6 9. Bd3 e6 10. Bg3 Be7 11. O-O b5 12. Ne5 Qb6 13. b4 Nxe5 14. Bxe5 Bf6 15.
Bd6 Qd8 16. Bc5 Be7 17. a4 Bd7 18. axb5 Bxc5 19. bxc6 Bxc6 20. dxc5 Qb8 21.
Rfb1 Bb5 22. Bxb5+ Qxb5 23. Ra5 Qc4 24. Qd4 O-O 25. b5 Rfc8 26. c6 Rab8 27.
Qxc4 dxc4 28. Rxa7 Rxc6 29. Ra4 Rcb6 30. Rxc4 Rxb5 31. Rcb4 Rxb4 32. cxb4 Kf8
33. Kf1 Ke7 34. Ke2 Kd6 35. Kd3 Rc8 36. Rb2 Rc1 37. b5 Kc7 38. b6+ Kb7 39. Kd4
f6 40. f4 Rc6 41. e4 Rxb6 42. Rxb6+ Kxb6 43. g4 Kc6 44. e5 Kd7 45. Kc5 Kc7 46.
h4 Kd7 47. g5 Ke7 48. g6 fxe5 49. fxe5 Kd7 50. Kb6 Kd8 51. Kc6 Ke7 52. Kc7 h5
53. Kc6 Ke8 54. Kd6 Kd8 55. Kxe6 Ke8 56. Kf5 Kd7 57. Kg5 Ke6 58. Kxh5 Kf5 59.
e6 Kf6 60. e7 Kxe7 61. Kg5 Kf8 62. Kf5 Kg8 63. h5 Kf8 64. h6 gxh6 65. Kg4 Kg8
66. Kh4 Kf8 1/2-1/2

[Event "SR 4. liga A21 2011/2012"]
[Site "?"]
[Date "2011.10.09"]
[Round "1.2"]
[White "Bluml, Lubomir"]
[Black "Podjavorinsky, Michal"]
[Result "1/2-1/2"]
[WhiteElo "1000"]
[BlackElo "1000"]
[PlyCount "76"]
[EventDate "2011.??.??"]

1. e4 e5 2. Qh5 Nc6 3. Bc4 Qe7 4. c3 Nf6 5. Qf3 d6 6. h3 Be6 7. Bb5 Bd7 8. d3
h6 9. b4 a6 10. Bxc6 Bxc6 11. c4 b6 12. a3 Qe6 13. Ne2 Be7 14. Nbc3 Qd7 15. Nd5
Bxd5 16. cxd5 c6 17. dxc6 Qxc6 18. O-O O-O 19. Qg3 Kh8 20. Be3 a5 21. Rfc1 Qb7
22. b5 Rab8 23. Rc6 Nd7 24. Rac1 Rbc8 25. f4 Nc5 26. Rxc8 Rxc8 27. Bxc5 Rxc5
28. Rxc5 bxc5 29. a4 exf4 30. Qxf4 Kg8 31. Nc3 Bf6 32. Nd5 Bd4+ 33. Kf1 Qd7 34.
Qd2 Qd8 35. b6 c4 36. dxc4 Bxb6 37. Nxb6 Qxb6 38. Qc2 g6 1/2-1/2

[Event "SR 4. liga A21 2011/2012"]
[Site "?"]
[Date "2011.10.09"]
[Round "1.2"]
[White "Damborsky, Pavol"]
[Black "Madzo, Anton"]
[Result "1/2-1/2"]
[WhiteElo "1769"]
[BlackElo "1526"]
[PlyCount "51"]
[EventDate "2011.??.??"]

1. c4 c5 2. Nc3 Nc6 3. g3 Nf6 4. Bg2 e5 5. e3 Be7 6. Nge2 O-O 7. O-O d6 8. a3
Be6 9. d3 Qd7 10. f3 a6 11. Bd2 Rab8 12. Rb1 b5 13. cxb5 axb5 14. Nc1 b4 15.
axb4 Nxb4 16. Qe2 h6 17. Nd1 Nh7 18. Bxb4 Rxb4 19. Nc3 f5 20. Re1 Bf6 21. e4
fxe4 22. dxe4 Rfb8 23. Rd1 Ng5 24. Nd5 Bxd5 25. Rxd5 Ne6 26. Bh3 1/2-1/2

[Event "SR 4. liga A21 2011/2012"]
[Site "?"]
[Date "2011.10.09"]
[Round "1.2"]
[White "Kovarik, Oto"]
[Black "Podjavorinsky, Peter"]
[Result "1-0"]
[WhiteElo "2018"]
[BlackElo "1733"]
[PlyCount "63"]
[EventDate "2011.??.??"]

1. e4 e5 2. Nf3 Nf6 3. Nxe5 d6 4. Nf3 Nxe4 5. d4 d5 6. Bd3 Bg4 7. h3 Bh5 8. O-O
Be7 9. c4 c6 10. Re1 f5 11. Nc3 O-O 12. Qe2 Bb4 13. Bd2 Nxd2 14. Qxd2 Bxf3 15.
gxf3 Qh4 16. Kh2 Qxd4 17. cxd5 cxd5 18. Rad1 Nc6 19. a3 Bd6+ 20. Kg2 Rf6 21.
Bf1 Rg6+ 22. Kh1 Qh4 23. Nxd5 Ne5 24. Qe3 Nc4 25. Ne7+ Bxe7 26. Qxe7 Qxe7 27.
Rxe7 Nxb2 28. Rd2 Kf8 29. Rxb7 Na4 30. Rdd7 Rb6 31. Rf7+ Kg8 32. Rxg7+ 1-0

[Event "SR 4. liga A21 2011/2012"]
[Site "?"]
[Date "2011.10.09"]
[Round "1.2"]
[White "Tomasovic, Martin"]
[Black "Dubecky, Ladislav"]
[Result "1-0"]
[WhiteElo "1490"]
[BlackElo "1574"]
[PlyCount "103"]
[EventDate "2011.??.??"]

1. e4 e5 2. Nf3 d6 3. Bc4 Be6 4. Bxe6 fxe6 5. d3 Be7 6. O-O d5 7. Re1 d4 8.
Nxe5 Bd6 9. Nf3 e5 10. c3 c5 11. Qb3 Qd7 12. Na3 Nc6 13. Nc4 Bb8 14. cxd4 Nxd4
15. Nxd4 exd4 16. e5 b6 17. Bf4 Ne7 18. Nd6+ Kd8 19. Nf7+ Kc8 20. Nxh8 Qg4 21.
Re4 Bc7 22. Bg3 Qd7 23. e6 Qc6 24. Bxc7 Kxc7 25. Nf7 a6 26. Ne5 Qb7 27. Rc1 Rf8
28. Nd7 Rf5 29. g4 Rg5 30. h4 Rd5 31. Qc4 a5 32. Rxd4 Rxd4 33. Qxd4 Qf3 34.
Qe5+ Kd8 35. Qb8+ Nc8 36. Qg3 Qd5 37. Re1 Ke7 38. g5 Qd4 39. g6 h6 40. Qf3 Kd6
41. Qf8+ Kc7 42. Ne5 Qxh4 43. Qxg7+ Ne7 44. Qf7 Qg5+ 45. Kf1 Kd6 46. Nc4+ Kc6
47. g7 h5 48. Qxe7 Qxe7 49. g8=Q Qh4 50. Qg2+ Kb5 51. Na3+ Kb4 52. Re4+ 1-0

[Event "SR 4. liga A21 2011/2012"]
[Site "?"]
[Date "2011.10.09"]
[Round "1.3"]
[White "Bango, Dominik"]
[Black "Danihel, Jozef"]
[Result "0-1"]
[WhiteElo "1328"]
[BlackElo "1546"]
[PlyCount "140"]
[EventDate "2011.??.??"]

1. e4 d5 2. exd5 Nf6 3. Bc4 Nxd5 4. Qh5 e6 5. Bxd5 Qxd5 6. Qxd5 exd5 7. Ne2 Bf5
8. Nbc3 c6 9. d3 Bd6 10. O-O O-O 11. Bf4 Bxf4 12. Nxf4 Nd7 13. Rfe1 Rfe8 14.
Re2 g5 15. Rxe8+ Rxe8 16. Nfe2 h5 17. f4 g4 18. g3 Kg7 19. Kf2 Nb6 20. Nd4 Bc8
21. Re1 Rxe1 22. Kxe1 a6 23. a4 c5 24. Nde2 Be6 25. a5 Nd7 26. d4 c4 27. Kd2
Nb8 28. b4 cxb3 29. cxb3 Nc6 30. Na2 Nxa5 31. Kc3 Nc6 32. Nb4 Ne7 33. Nc2 Bd7
34. Kb4 b6 35. Kc3 Bf5 36. Ne3 Kf6 37. Kb4 Nc6+ 38. Kc3 Be4 39. Ng1 a5 40. Ne2
Bf3 41. Ng1 Be4 42. Ne2 b5 43. Nc2 b4+ 44. Kd2 Kf5 45. Ne3+ Ke6 46. Nc2 Ne7 47.
Ne3 Nf5 48. Nxf5 Kxf5 49. Nc1 Bf3 50. Kd3 Bd1 51. Ke3 a4 52. bxa4 Bxa4 53. Na2
b3 54. Nc3 b2 55. Kd3 Bb3 56. Kd2 Ba2 57. Kc2 b1=Q+ 58. Nxb1 Bxb1+ 59. Kxb1 Ke4
60. Kc2 Kxd4 61. Kd2 Ke4 62. Ke2 d4 63. Kd2 d3 64. Kd1 Ke3 65. Ke1 d2+ 66. Kd1
f5 67. h4 gxh3 68. Kc2 Ke2 69. Kc3 d1=Q 70. Kc4 h2 0-1

[Event "SR 4. liga A21 2011/2012"]
[Site "?"]
[Date "2011.10.09"]
[Round "1.3"]
[White "Jablonicky, Boris"]
[Black "Hudacek, Josef"]
[Result "0-1"]
[WhiteElo "1720"]
[BlackElo "2046"]
[PlyCount "44"]
[EventDate "2011.??.??"]

1. c4 Nf6 2. Nc3 g6 3. Nf3 Bg7 4. g3 c6 5. Bg2 e6 6. O-O d5 7. d3 O-O 8. Rb1 a5
9. a3 Ne8 10. a4 Qb6 11. Be3 d4 12. c5 Qd8 13. Bg5 f6 14. Ne4 fxg5 15. Nexg5 h6
16. Ne4 Na6 17. Qb3 Kh7 18. Bh3 Qd5 19. Qxd5 exd5 20. Bxc8 Rxc8 21. Nd6 Nxd6
22. cxd6 Rcd8 0-1

[Event "SR 4. liga A21 2011/2012"]
[Site "?"]
[Date "2011.10.09"]
[Round "1.3"]
[White "Kubis, Ivan"]
[Black "Lezovic, Martin"]
[Result "1-0"]
[WhiteElo "2002"]
[BlackElo "1658"]
[PlyCount "119"]
[EventDate "2011.??.??"]

1. e4 e5 2. Nf3 Nc6 3. Bb5 d6 4. h3 Nf6 5. d3 Bd7 6. c3 Be7 7. O-O O-O 8. Re1
h6 9. Nbd2 Nh7 10. Nf1 f5 11. exf5 Bxf5 12. Ng3 Ng5 13. Nxg5 Bxg5 14. Nxf5 Rxf5
15. Qg4 Qf6 16. Re2 Bxc1 17. Rxc1 Ne7 18. Bd7 Rf4 19. Qe6+ Qxe6 20. Bxe6+ Kh8
21. Rd1 c6 22. g3 Rf6 23. Bb3 Ng6 24. d4 exd4 25. Rxd4 Ne5 26. Kg2 Raf8 27. f4
Ng6 28. Bc2 R8f7 29. Re8+ Nf8 30. Bb3 d5 31. c4 Re6 32. Ra8 Kh7 33. cxd5 Re2+
34. Kf3 Rxb2 35. dxc6 Rxb3+ 36. axb3 bxc6 37. Ra4 Ne6 38. R8xa7 Nd4+ 39. Ke4
Rxa7 40. Rxa7 Nxb3 41. f5 Nd2+ 42. Ke5 Nf3+ 43. Kf4 Nd4 44. f6 Kg6 45. f7 Ne6+
46. Ke5 Nf8 47. g4 c5 48. h4 c4 49. h5+ Kg5 50. Ra8 Nh7 51. Rh8 c3 52. Rxh7 c2
53. f8=Q c1=Q 54. Qd8+ Kxg4 55. Rxg7+ Kxh5 56. Qe8+ Kh4 57. Qe7+ Kh3 58. Qe6+
Kh2 59. Qa2+ Kh3 60. Qg2+ 1-0

[Event "SR 4. liga A21 2011/2012"]
[Site "?"]
[Date "2011.10.09"]
[Round "1.3"]
[White "Rau, Vladimir"]
[Black "Planka, Peter"]
[Result "1/2-1/2"]
[WhiteElo "1643"]
[BlackElo "1831"]
[PlyCount "47"]
[EventDate "2011.??.??"]

1. d4 Nf6 2. c4 e6 3. Nc3 Bb4 4. Bd2 O-O 5. Nf3 d5 6. e3 b6 7. Be2 Bb7 8. O-O
Nbd7 9. Qc2 Bxc3 10. Bxc3 dxc4 11. Bxc4 Nd5 12. Be2 Nxc3 13. Qxc3 c5 14. Rfd1
Qe7 15. Rac1 cxd4 16. Nxd4 Rac8 17. Qd2 Nf6 18. Bb5 Ne4 19. Qe2 Rxc1 20. Rxc1
Rc8 21. Rxc8+ Bxc8 22. Qc2 Nd6 23. Qc3 a6 24. Bd3 1/2-1/2

[Event "SR 4. liga A21 2011/2012"]
[Site "?"]
[Date "2011.10.09"]
[Round "1.3"]
[White "Vach, Jozef"]
[Black "Bango, Lukas"]
[Result "1-0"]
[WhiteElo "1861"]
[BlackElo "1364"]
[PlyCount "77"]
[EventDate "2011.??.??"]

1. d4 Nf6 2. Nf3 e6 3. Bg5 Be7 4. c4 d5 5. Nc3 c6 6. e3 O-O 7. Bd3 h6 8. Bh4
Nbd7 9. O-O b6 10. Rc1 Bb7 11. cxd5 Nxd5 12. Bxe7 Qxe7 13. Bb1 f5 14. Re1 Qf7
15. Nxd5 exd5 16. Rc3 Nf6 17. Ne5 Qe6 18. Qc2 Ne4 19. Rd3 c5 20. Rdd1 Rac8 21.
Qe2 g5 22. f4 g4 23. Bxe4 dxe4 24. dxc5 Rxc5 25. Nd7 Rd5 26. Rxd5 Bxd5 27. Nxf8
Kxf8 28. Rc1 h5 29. Qa6 Qe7 30. Qc8+ Qe8 31. Qxf5+ Qf7 32. Rc8+ Kg7 33. Qe5+
Kg6 34. Rc7 Qf6 35. Qxd5 h4 36. Rc6 Qxc6 37. Qxc6+ Kh5 38. Qf6 g3 39. Qg5# 1-0

[Event "SR 4. liga A21 2011/2012"]
[Site "?"]
[Date "2011.10.09"]
[Round "1.4"]
[White "Davidik, Miroslav"]
[Black "Oravec, Pavol"]
[Result "0-1"]
[WhiteElo "1467"]
[BlackElo "1528"]
[PlyCount "118"]
[EventDate "2011.??.??"]

1. c4 Nf6 2. Nc3 e6 3. a3 d5 4. d4 Be7 5. cxd5 exd5 6. h3 O-O 7. Nf3 Bf5 8. Bg5
Nbd7 9. e3 c6 10. Be2 Qb6 11. Ra2 Rfe8 12. O-O Ne4 13. Bxe7 Rxe7 14. Qe1 Rae8
15. Nh4 Bg6 16. Nxg6 hxg6 17. b4 Ndf6 18. Na4 Qd8 19. Bd3 Nh5 20. Bxe4 Rxe4 21.
Nc5 Rxd4 22. Qa1 Rc4 23. Nxb7 Qc7 24. Na5 Rce4 25. Rc2 R4e6 26. Rfc1 Nf6 27.
Rxc6 Rxc6 28. Rxc6 Qd7 29. Qc1 Qf5 30. f3 Qg5 31. Kf2 Nh5 32. Rc8 Qg3+ 33. Kg1
Rxc8 34. Qxc8+ Kh7 35. Qc1 d4 36. Nc6 dxe3 37. Qxe3 Nf4 38. Kf1 Qxg2+ 39. Ke1
Qh2 40. Kd1 Nxh3 41. Nxa7 Nf2+ 42. Ke1 Nh3 43. b5 Nf4 44. Kd1 g5 45. Qe4+ Kh6
46. Nc8 f5 47. Qc6+ g6 48. Qe8 Qg1+ 49. Kc2 Qf2+ 50. Kb1 Qf1+ 51. Kc2 Qd3+ 52.
Kb2 Qd4+ 53. Kc2 Nd5 54. Qf8+ Kh5 55. Kb3 Qd1+ 56. Kc4 Ne3+ 57. Kc5 Qd5+ 58.
Kb6 Nc4+ 59. Ka6 Qa8+ 0-1

[Event "SR 4. liga A21 2011/2012"]
[Site "?"]
[Date "2011.10.09"]
[Round "1.4"]
[White "Hrubsa, Marian"]
[Black "Curidlo, Jan"]
[Result "0-1"]
[WhiteElo "1929"]
[BlackElo "1851"]
[PlyCount "102"]
[EventDate "2011.??.??"]

1. e4 c5 2. Nf3 e6 3. d4 cxd4 4. Nxd4 Nf6 5. f3 a6 6. Be2 Qc7 7. O-O Bc5 8. Kh1
O-O 9. c3 d5 10. Bd3 Nbd7 11. Nd2 Bd6 12. h3 b5 13. N2b3 Nh5 14. Ne2 Bb7 15.
Nbd4 Nhf6 16. Qc2 Nc5 17. exd5 Nxd3 18. Qxd3 Bxd5 19. Be3 Rac8 20. Qd2 Nd7 21.
Rad1 Be5 22. Rfe1 Rfd8 23. f4 Bf6 24. f5 Nc5 25. fxe6 fxe6 26. Rf1 e5 27. Qe1
exd4 28. Nxd4 Ne4 29. Bf4 Be5 30. Qh4 Bxf4 31. Rxf4 Nf6 32. Qg5 Qf7 33. Kg1 h6
34. Qf5 Be6 35. Qc2 Bc4 36. Re1 Re8 37. Rd1 Re7 38. Nf5 Re2 39. Rd2 Qa7+ 40.
Nd4 Rce8 41. Rf2 Rxd2 42. Rxd2 Qe7 43. Nf5 Qe1+ 44. Kh2 Qe5+ 45. Kg1 Ne4 46.
Nxh6+ gxh6 47. Rd7 Re7 48. Rd8+ Kg7 49. Qd1 Qc5+ 50. Rd4 Nf6 51. Kh1 Qe5 0-1

[Event "SR 4. liga A21 2011/2012"]
[Site "?"]
[Date "2011.10.09"]
[Round "1.4"]
[White "Kubik, Peter"]
[Black "Matejovic, Ludovit"]
[Result "1-0"]
[WhiteElo "1668"]
[BlackElo "1691"]
[PlyCount "81"]
[EventDate "2011.??.??"]

1. e4 e5 2. Nf3 Nc6 3. Bb5 d6 4. d4 exd4 5. Nxd4 Bd7 6. Nc3 a6 7. Nxc6 Bxc6 8.
Bxc6+ bxc6 9. O-O Nf6 10. Re1 Be7 11. Qd3 O-O 12. b3 Re8 13. Ne2 d5 14. e5 Nd7
15. Nd4 Nc5 16. Qg3 Bh4 17. Qg4 Ne4 18. g3 Be7 19. Nxc6 Qc8 20. Qxc8 Raxc8 21.
Nxe7+ Rxe7 22. f3 Nc3 23. Bd2 Nb5 24. c3 Rce8 25. a4 Na7 26. f4 Nc6 27. b4 d4
28. Kf2 dxc3 29. Bxc3 Rb8 30. Rab1 Rd7 31. Red1 Rbd8 32. Rxd7 Rxd7 33. Ke3 Ne7
34. Ke2 Nd5 35. Be1 Nb6 36. a5 Na4 37. b5 axb5 38. Rxb5 h6 39. a6 c6 40. Rb7
Rd8 41. a7 1-0

[Event "SR 4. liga A21 2011/2012"]
[Site "?"]
[Date "2011.10.09"]
[Round "1.4"]
[White "Orvisky, Vladimir"]
[Black "Vogl, Zdenek"]
[Result "0-1"]
[WhiteElo "1838"]
[BlackElo "1928"]
[PlyCount "56"]
[EventDate "2011.??.??"]

1. c4 Nf6 2. Nc3 e6 3. e4 Bb4 4. e5 Bxc3 5. bxc3 Ng8 6. d4 d6 7. Nf3 Ne7 8. Bd3
Nbc6 9. Qe2 O-O 10. O-O h6 11. Bf4 Ng6 12. Bg3 dxe5 13. Bxg6 fxg6 14. Nxe5 Nxe5
15. Bxe5 Rb8 16. Qe4 Kh7 17. f4 b6 18. Rad1 Bb7 19. d5 Qe7 20. Rd3 Qc5+ 21. Rf2
exd5 22. cxd5 Rbe8 23. Rg3 Rf5 24. Qc2 Qxd5 25. Rd2 Qc5+ 26. Kh1 Rexe5 27. h3
Re1+ 28. Kh2 Qg1# 0-1

[Event "SR 4. liga A21 2011/2012"]
[Site "?"]
[Date "2011.10.09"]
[Round "1.4"]
[White "Sedlak, Rastislav"]
[Black "Baumgartner, Milan"]
[Result "0-1"]
[WhiteElo "1610"]
[BlackElo "1592"]
[PlyCount "116"]
[EventDate "2011.??.??"]

1. e4 e5 2. Nf3 Nc6 3. Bc4 Bc5 4. O-O Nf6 5. d3 h6 6. Nc3 d6 7. h3 O-O 8. Na4
Bb6 9. Nxb6 axb6 10. Be3 Na5 11. Bb3 Nxb3 12. axb3 Rxa1 13. Qxa1 Be6 14. Qa7
Qb8 15. Ra1 Bd7 16. Nd2 Qxa7 17. Rxa7 Bc6 18. f4 Nd7 19. fxe5 dxe5 20. c4 Rb8
21. b4 Nf8 22. b5 Bd7 23. Nf3 f6 24. Kf2 Ne6 25. d4 exd4 26. Bxd4 Kf7 27. Ke3
Ke7 28. g4 g5 29. e5 Nxd4 30. Kxd4 f5 31. Nh2 f4 32. b3 Ke6 33. Nf3 c6 34. h4
cxb5 35. hxg5 hxg5 36. Nxg5+ Ke7 37. Ke4 Bxg4 38. Kxf4 Bd1 39. cxb5 Bxb3 40.
Ne4 Rf8+ 41. Ke3 Bd5 42. Nd6 Ke6 43. Kd4 Rf4+ 44. Kc3 Kxe5 45. Nxb7 Rf7 46. Ra6
Rxb7 47. Ra4 Kd6 48. Rh4 Kc5 49. Rh5 Rd7 50. Rg5 Kxb5 51. Kd4 Ka4 52. Rxd5
Rxd5+ 53. Kxd5 b5 54. Kd4 b4 55. Kd3 Ka3 56. Kc2 Ka2 57. Kc1 b3 58. Kd2 b2 0-1

[Event "SR 4. liga A21 2011/2012"]
[Site "?"]
[Date "2011.10.09"]
[Round "1.5"]
[White "Bjel, Lubos"]
[Black "Drabek, Martin"]
[Result "1-0"]
[WhiteElo "1671"]
[BlackElo "1480"]
[PlyCount "85"]
[EventDate "2011.??.??"]

1. e4 e5 2. Nf3 Nc6 3. Bc4 Nf6 4. Ng5 d5 5. exd5 Na5 6. d3 Nxc4 7. dxc4 Bc5 8.
Nc3 Bf5 9. Be3 Bxe3 10. fxe3 Ng4 11. Nce4 h6 12. Qf3 g6 13. Nh3 Qh4+ 14. Nhf2
Bxe4 15. Qxg4 Qxg4 16. Nxg4 Bxg2 17. Rg1 Bh3 18. Nxe5 O-O 19. Ng4 Kg7 20. Rg3
Bxg4 21. Rxg4 Rae8 22. Kd2 Re5 23. Rf1 Rfe8 24. Rg3 Rd8 25. Kd3 c6 26. e4 cxd5
27. cxd5 Kf8 28. Rxg6 Rh5 29. Rgf6 Rd7 30. R1f2 Kg7 31. Kd4 Rxh2 32. Rxh2 Kxf6
33. Rxh6+ Kg5 34. Rh2 Rd6 35. Rf2 Kg6 36. e5 Ra6 37. a3 Ra4+ 38. c4 b5 39. Rf6+
Kg7 40. Rc6 bxc4 41. Rxc4 Ra6 42. d6 Kf8 43. Rc8+ 1-0

[Event "SR 4. liga A21 2011/2012"]
[Site "?"]
[Date "2011.10.09"]
[Round "1.5"]
[White "Harasta, Juraj"]
[Black "Smrek, Peter"]
[Result "1-0"]
[WhiteElo "1719"]
[BlackElo "1892"]
[PlyCount "57"]
[EventDate "2011.??.??"]

1. e4 c5 2. Nf3 Nc6 3. d4 cxd4 4. Nxd4 a6 5. c4 d6 6. Be2 g6 7. O-O Bg7 8. Be3
Nf6 9. f3 O-O 10. Nc3 Nxd4 11. Bxd4 Bd7 12. Rc1 Rc8 13. b3 Bc6 14. Qd2 Qd7 15.
Rfd1 Rfd8 16. Be3 b5 17. Rc2 b4 18. Nd5 Nxd5 19. exd5 Bc3 20. Rxc3 bxc3 21.
dxc6 cxd2 22. cxd7 Rxd7 23. Rxd2 a5 24. Rd5 Ra8 25. Bb6 a4 26. b4 e6 27. Rd2 f5
28. c5 d5 29. Bb5 1-0

[Event "SR 4. liga A21 2011/2012"]
[Site "?"]
[Date "2011.10.09"]
[Round "1.5"]
[White "Harasta, Marian"]
[Black "Lanyi, Frantisek"]
[Result "1-0"]
[WhiteElo "1639"]
[BlackElo "1716"]
[PlyCount "125"]
[EventDate "2011.??.??"]

1. d4 d5 2. c4 e6 3. Nc3 c6 4. Nf3 Nf6 5. e3 Be7 6. Bd3 dxc4 7. Bxc4 Nd5 8. O-O
Nd7 9. e4 Nxc3 10. bxc3 Nb6 11. Bd3 O-O 12. Qc2 h6 13. Ne5 Nd7 14. Ng4 f6 15.
f4 Nb6 16. h3 Bd7 17. f5 exf5 18. exf5 Be8 19. a4 Bf7 20. a5 Nd5 21. Bc4 Qd7
22. Qb3 Rac8 23. Rb1 Rb8 24. Bd2 b6 25. Ne3 b5 26. Bxd5 Bxd5 27. Nxd5 cxd5 28.
Bf4 Rb7 29. g4 Bd8 30. Ra1 Qc6 31. Rfe1 Re7 32. Rxe7 Bxe7 33. Re1 Bd8 34. Re6
Qc4 35. Qxc4 bxc4 36. Bd6 Bxa5 37. Bxf8 Kxf8 38. Rd6 Bxc3 39. Rxd5 a5 40. Kf1
Bb4 41. Ke2 Ke7 42. Kd1 Kf8 43. Kc2 Ke7 44. Rb5 Kf7 45. Rb7+ Kf8 46. Rc7 c3 47.
Ra7 Kg8 48. d5 Kf8 49. Ra6 Ke7 50. Ra7+ Kd6 51. Rxg7 Kxd5 52. Rh7 Ke4 53. Rxh6
Ke5 54. Rh8 Kf4 55. Rg8 Kg3 56. g5 fxg5 57. Rxg5+ Kxh3 58. f6 Kh4 59. Rg8 a4
60. f7 a3 61. f8=Q Bxf8 62. Rxf8 a2 63. Ra8 1-0